Namibia : EIU country profile 2002/ 2003.
| Format: | Book |
|---|---|
| Published: |
[London]:
The Economist Intelligence Unit,
2002.
|
| Subjects: |
| LEADER | 00478cam a2200145 7i4500 | ||
|---|---|---|---|
| 001 | 0000012105 | ||
| 005 | 20030508090000.0 | ||
| 090 | 0 | 0 | |a NAMB 330.9 |b NAM |
| 245 | 0 | 0 | |a Namibia : |b EIU country profile 2002/ 2003. |
| 260 | 0 | 0 | |a [London]: |b The Economist Intelligence Unit, |c 2002. |
| 300 | # | # | |a 61 p. |
| 650 | 0 | 0 | |a Namibia -- |x Country profile |
| 651 | 0 | 0 | |a Namibia |
| 999 | |a B00001446 |b Book |c Countries |e Business Information Centre | ||
| 999 | |a B000014446 |b Book |c Countries |e Business Information Centre | ||